Places in Alabama - sudden death - Statistics

General Stats
  • This quiz has been taken 71 times
  • The average score is 12 of 29
Answers on the Grid
Answers color-coded by a green-red scale on the quiz's grid according to % correct below.
Tirana
Calgary
The Appalachian foothills
NASA mission control
Birmingham
Chicago
Auburn
Unclaimed Baggage Center
The UN headquarters
Sid Vicious's house
Dismals Canyon
Birmingham City F.C.
Mobile
McWane Science Center
Gadsden
Rosa Parks Library
Rocky Mountains
Orange Beach
Area 51
Cheaha State Park
USS Alabama
Yee-Haw Dixie Experience
Montgomery
Cadbury's factory
Lee-Scott Academy
Stonewall Jackson statue
Alabama River
The world's 10th-largest stadium
Shoal Creek golf course
Spaghetti Junction
Stalin memorial
Huntsville
Little Richard's grave
Denver
Cary
Land below sea level
Motörhead museum
Aston Villa's ground
Mobile River
Sylacauga
Tuscaloosa
Guntersville Lake
Corona
NRA headquarters
Phenix CIty
Cheaha Mountain
Marshall Space Flight Center
Jesse Owens' birthplace
Ho Chi Minh statue
The M6 toll road
Dothan
Seattle
Ben Nevis
Julia Tutwiler Prison
 
Answer Stats
Answer % Correct
Birmingham
90%
Mobile
75%
Montgomery
70%
The Appalachian foothills
70%
Auburn
65%
Huntsville
60%
Tuscaloosa
60%
Alabama River
55%
Rosa Parks Library
55%
Dothan
45%
Gadsden
45%
Phenix CIty
45%
Cheaha State Park
40%
McWane Science Center
40%
Mobile River
40%
Jesse Owens' birthplace
35%
Sylacauga
35%
USS Alabama
35%
Orange Beach
30%
Unclaimed Baggage Center
30%
Cheaha Mountain
25%
Guntersville Lake
25%
Marshall Space Flight Center
25%
The world's 10th-largest stadium
25%
Julia Tutwiler Prison
20%
Little Richard's grave
20%
Shoal Creek golf course
20%
Dismals Canyon
15%
Lee-Scott Academy
15%
No matching quizzes found
Score Distribution
Percent of People with Each Score
Percentile by Number Answered
Your Score History
You have not taken this quiz